BIBLIOTECA PODER JUDICIAL
Portal Judicial TDF

El PAE, una política focalizada para adolescentes y jóvenes sin cuidados parentales / (Registro nro. 6261)

000 -LEADER
fixed length control field 01025nab a22001937a 4500
003 - CONTROL NUMBER IDENTIFIER
control field OSt
005 - DATE AND TIME OF LATEST TRANSACTION
control field 20260128012438.0
008 - FIXED-LENGTH DATA ELEMENTS--GENERAL INFORMATION
fixed length control field 190514b xxu||||| |||| 00| 0 spa d
040 ## - CATALOGING SOURCE
Transcribing agency PJ
100 ## - MAIN ENTRY--PERSONAL NAME
9 (RLIN) 6970
Personal name Segade, Andrés
245 10 - TITLE STATEMENT
Title El PAE, una política focalizada para adolescentes y jóvenes sin cuidados parentales /
Statement of responsibility, etc Andrés Segade.
300 ## - PHYSICAL DESCRIPTION
Extent p. 115-126
500 ## - GENERAL NOTE
General note Cita: TR LALEY AR/DOC/2499/2025.
505 ## - FORMATTED CONTENTS NOTE
Formatted contents note Sumario: I. Introducción.— II. La ley 27.364.— III. Breve recorrido histórico. De la sanción a la actualidad.— IV. Las dos reglamentaciones.— V. Dec. 1050/2018.— VI. Segunda reglamentación del PAE. Dec. 732/2023.— VII. Algunas reflexiones sobre la implementación del PAE.— VIII. Conclusión, deudas y desafíos.
505 ## - FORMATTED CONTENTS NOTE
Title Si te interesa el texto, comunicate a koha@justierradelfuego.gov.ar
650 #0 - SUBJECT ADDED ENTRY--TOPICAL TERM
9 (RLIN) 967
Topical term or geographic name as entry element DERECHO DE FAMILIA
773 0# - HOST ITEM ENTRY
Host Biblionumber 2844
Host Itemnumber 3222
Place, publisher, and date of publication Buenos Aires : AbeledoPerrot, 1989-
Title Derecho de familia. N° 122 - Noviembre 2025
International Standard Book Number 18511201
942 ## - ADDED ENTRY ELEMENTS (KOHA)
Source of classification or shelving scheme
Koha item type Analítica Artículo de Revista

No hay ítems disponibles.

12 de Octubre 789 Ushuaia - Tel:  54(02901)441571
Horario de Atención: 8.00 a 17.00 hs. 
bibliotecaush@justierradelfuego.gov.ar
koha@justierradelfuego.gov.ar
Seguinos en nuestras redes @bibliojustdf 

Con tecnología Koha